000 00714nam a2200241Ia 4500
003 OSt
005 20241023110942.0
008 210716s1997 xx 000 0 und d
020 _a9788120312777
040 _cAIMIT LIBRARY
041 _aeng
082 _a005.73
_bROWG
100 _aRowe, Glenn W.
_9182846
245 _aIntroduction to data structures and algorithms with c++ /
_cBy Glenn W. Rowe.
250 _a1st ed.
260 _aNew Delhi :
_bPHI Learning Pvt Ltd ,
_c1997.
300 _axiv,370 p.;
_bPB
_c23 cm.
650 _aElements of c++
_9182848
650 _aSorting algorithms
_9182849
650 _aGraphs
_9182850
650 _aTables and Hashing
_9182851
942 _2ddc
_cBK
_k005.73 ROWG
999 _c183382
_d183382